| 000 | 00548nam a22002057a 4500 | ||
|---|---|---|---|
| 001 | BD-DhSAU 447 | ||
| 003 | BD-DhSAU | ||
| 005 | 20150105193410.0 | ||
| 008 | 141231b1982 bg a|||| |||| 001 0 eng d | ||
| 040 | _cBD-DhSAU | ||
| 082 |
_222 _a630.9592 _bALI |
||
| 100 | _aAlim, A. | ||
| 245 |
_aBangladesh rice / _cDr. A. Alim |
||
| 260 |
_aDhaka: _bUrmee & Abu Bakar ; _cc1982. |
||
| 300 |
_avi, 321 p. : _bill. ; _c22 cm. |
||
| 504 | _aInclude bibliographical references & index. | ||
| 590 | _aJerin | ||
| 650 | _aAgronomy | ||
| 650 |
_aRice _zBangladesh |
||
| 942 |
_2ddc _cBOOK |
||
| 999 |
_c447 _d447 |
||